|
|
|
|
| LEADER |
00000nam0a2200000 4500 |
| 001 |
102731 |
| 005 |
20231031113106.0 |
| 035 |
|
|
|a (RuTPU)RU\TPU\book\110773
|
| 090 |
|
|
|a 102731
|
| 100 |
|
|
|a 20061004d1969 m y0rusy50 ca
|
| 101 |
0 |
|
|a rus
|
| 102 |
|
|
|a KZ
|
| 105 |
|
|
|a a z 000zy
|
| 200 |
1 |
|
|a Критерии рудоносности метасоматитов
|e материалы к симпозиуму
|f Институт геологических наук им. К. И. Сатпаева; под ред. В. Г. Боголепова
|
| 210 |
|
|
|a Алма-Ата
|c ОНТИ КазИМС
|d 1969
|
| 215 |
|
|
|a 353 с.
|c табл.
|
| 330 |
|
|
|a Сборник материалов посвящен проблеме ктиггетшев рудоносности метасоматитов. Рассматриваются общие вопросы формирования околорудвдх пород, признаки отличия рудоносных и безрудных метасоматитов, их зональность и положение сруденения. Эти вопросы освещены на примере скарнов, грей-зенов, вторичных кварцитов, метаеомазячески измененных гранитов, пропилитов, березитов, карбонатитов к иных метасоматитов, сопровождавших редкометалъное, медное, золотое, полиметаллическое, сурьмяно-ртутное и другое оруденение.Сборник представляет интерес для геологов, занимавшихся изучением месторождений твёрдых полезных ископаемых, а также геохимиков, минералогов и петрографов.
|
| 610 |
1 |
|
|a горные породы
|
| 610 |
1 |
|
|a метасоматические породы
|
| 610 |
1 |
|
|a сборники
|
| 610 |
1 |
|
|a рудообразование
|
| 610 |
1 |
|
|a связь
|
| 675 |
|
|
|a 553.3/4(063)
|v 3
|
| 675 |
|
|
|a 552.4(063)
|v 3
|
| 702 |
|
1 |
|a Боголепов
|b В. Г.
|4 340
|
| 712 |
0 |
2 |
|a Академия наук Казахской ССР (АН КазССР)
|b Институт геологических наук им. К. И. Сатпаева (ИГН)
|c (Алма-Ата)
|2 stltpush
|3 (RuTPU)RU\TPU\col\5163
|
| 801 |
|
1 |
|a RU
|b 63413507
|c 20061004
|g PSBO
|
| 801 |
|
2 |
|a RU
|b 63413507
|c 20091026
|g PSBO
|
| 942 |
|
|
|c BK
|